000 00253nam a22001217a 4500
003 SGT
082 _a823
_bBHA
100 _aBHAGAT CHETAN
245 _aTHE 3 MISTAKES OF MY LIFE
260 _aINDIA
_bRUPA PUB
_c2008
300 _a257
942 _2ddc
_cBK
999 _c33581
_d33581